Score 0/18 Timer 08:00
0 Plays Today
% Correct
Flowerbed
95.1%
Butterfly
95.1%
Apple Pi
78%
Screwball
72.6%
Firedrill
71.2%
Deviled Egg
71%
Brainwash
70.1%
Facebook
67.3%
Ballpoint Pen
65.9%
% Correct
Cereal Killer
65.2%
Bullfrog
60%
Rockstar
58.1%
Flower Bulb
47.9%
Tie Food
45.2%
Smart Ass
38%
Hare Ribbon
31.2%
World Peas
28.8%
Ice Cream
27.3%

You're not logged in!

Compare scores with friends on all Sporcle quizzes.
OR
Log In

Sporcle TV

Today on Sporcle TV


Watch our educational content, quiz creation guides, and fun videos on Sporcle TV.

Show Comments

Extras

Top Quizzes Today


Score Distribution

Paid Content

Your Account Isn't Verified!

In order to create a playlist on Sporcle, you need to verify the email address you used during registration. Go to your Sporcle Settings to finish the process.

Report this User

Report this user for behavior that violates our Community Guidelines.

Details: